Представление документа в формате RUSMARC

ПолеНазваниеЗначение
  Тип записи a
  Библиографический уровень m
001 Контрольный номер RU/SLIB/B/208752407
005 Дата корректировки 20231207143129.6
010 Индекс ISBN __
d Цена 1-30
101 Язык документа 0_
a Язык текста rus
c Язык оригинала pol
200 Заглавие и сведения об ответственности 1_
a Заглавие Оперный театр
e Сведения, относящиеся к заглавию пер. с пол.
f Первые сведения об ответственности Горович Б.
b Общее обозначение материала Текст
210 Выходные данные 1_
a Место издания Л.
c Издательство Музыка
d Дата издания 1984
215 Физическое описание __
a Объем 224 с., [8] л. ил.
c Иллюстрации/тип воспроизводства портр.
330 Аннотация __
a Аннотация Известный оперный режиссер Б. Григорович в своей книге говорит о путях, которыми, по его мнению, должно следовать постановочное искусство XX века, о роли режиссера в опере, о том, какими данными должен обладать оперный певец. Говоря об истории возникновения и развития оперного театра, автор останавливается на творчестве Монтеверди, Глюка, Люлли, Моцарта, Вагнера, Станиславского.
606 Тематические рубрики __
a Основная рубрика Музыка и зрелищные искусства
606 Тематические рубрики __
a Основная рубрика Оперный театр
610 Ключевые слова 0_
a Ключевые слова оперы; режиссеры; певцы; музыкальное творчество; персоналии
686 Индексы других классификаций __
a Классификационный индекс 85.335.41
700 Автор _1
a Фамилия Горович
b Имя Б.
4 Код отношения 070
801 Источник записи _0
a Страна RU
b Организация Муниципальное бюджетное учреждение культуры "Централизованная библиотечная система" г. Сургут (Центральная городская библиотека им. А. С. Пушкина)
g Правила каталогизации КиК/Михайлова
801 Источник записи _1
a Страна RU
b Организация Муниципальное бюджетное учреждение культуры "Централизованная библиотечная система" г. Сургут (Центральная городская библиотека им. А. С. Пушкина)
g Правила каталогизации КиК/Михайлова
852 Данные о местонахождении __
j Шифр хранения 85.335.41
c Каталожный индекс 85.335.41
i Авторский знак Г 70
p Инвентарный номер 18546
901 Тип документа __
t Тип документа m
990 Данные о заказе (DOS) __
j Количество экземпляров (DOS) 1
t N записи в КСУ для И/У (DOS) 199101